Angelina Jolie Movies - Sudden Death - Statistics

General Stats
  • This quiz has been taken 307 times
    169 since last reset
  • The average score is 8 of 17
Answers on the Grid
Answers color-coded by a green-red scale on the quiz's grid according to % correct below.
The Italian Job
Mr. & Mrs. Smith
Wanted
The Aviator
Van Helsing
Foxfire
Gone in Sixty Seconds
A Mighty Heart
Blade
Taking Lives
Eyes Wide Shut
Disclosure
Gia
Casino Royale
Alexander
Gravity
To Die For
Girl, Interrupted
Maleficent
Speed
Elizabeth
Beyond Borders
The Tourist
Miss Congeniality
Eye in the Sky
Maria
The Iron Lady
12 Monkeys
Changeling
Mad Max: Fury Road
Natural Born Killers
Carol
Panic Room
Salt
Contact
The Bone Collector
The Fever
Monster
Doubt
 
Answer Stats
Answer % Correct
Mr. & Mrs. Smith
93%
Maleficent
77%
Girl, Interrupted
75%
Salt
69%
The Tourist
62%
Gia
56%
Changeling
53%
The Bone Collector
49%
Wanted
47%
Gone in Sixty Seconds
44%
Alexander
42%
Maria
34%
Taking Lives
32%
A Mighty Heart
18%
Beyond Borders
18%
Foxfire
17%
The Fever
11%
No matching quizzes found
Score Distribution
Percent of People with Each Score
Percentile by Number Answered
Your Score History
You have not taken this quiz since the last reset